Language Quiz

Random Language or French Quiz

French: To Be Quiz Stats

 Plays Quiz Updated Apr 5, 2018

Score 0/6 Timer 01:00
12 Plays Today
Pronom Verbe % Correct
jesuis
97.8%
tues
95.6%
il/elleest
92.3%
noussommes
84.9%
ils/ellessont
82.7%
vousêtes
81.4%

You're not logged in!

Compare scores with friends on all Sporcle quizzes.
OR
Log In

Sporcle TV

Today on Sporcle TV


Watch our educational content, quiz creation guides, and fun videos on Sporcle TV.

Show Comments

Extras

Top Quizzes Today


Score Distribution

Your Account Isn't Verified!

In order to create a playlist on Sporcle, you need to verify the email address you used during registration. Go to your Sporcle Settings to finish the process.

Report this User

Report this user for behavior that violates our Community Guidelines.

Details: